| 000 | 00678nam a22002177a 4500 | ||
|---|---|---|---|
| 003 | OSt | ||
| 005 | 20140310182024.0 | ||
| 008 | 130801t xxu||||| |||| 00| 0 eng d | ||
| 020 | _a9785130219225 | ||
| 050 |
_aCR 4513 _b.P745 1993 |
||
| 082 |
_aTR 940.1 _bP75 1993 |
||
| 100 |
_aPofahl, Jane _97244 |
||
| 245 |
_aThe middle ages knights & castles / _cby Jane Pofahl; cover Illsutration by Mark Anthony. |
||
| 260 |
_aMinneapolis, Minnesota : _bT.S. Denison & Co., Inc, _cc1993. |
||
| 300 |
_a32 p.; _bill. ; _c29 cm. |
||
| 650 |
_aKnights and knighthood _97245 |
||
| 650 |
_aNobility _97246 |
||
| 650 |
_aMiddle ages _97247 |
||
| 942 |
_2lcc _cBK-TR |
||
| 999 |
_c8423 _d8423 |
||